000 00890nam a22002657a 4500
005 20170124105939.0
010 _aA-839703
020 _c90.00
035 _aA-839703
037 _bCen Lib/Ret
040 _aDPL
_bEN
082 _a338.91
_bTEC
245 _aTechnological frontiers and foreign relations /
_cedited by Anne G. Keatley
260 _aNew Delhi
_bAsian Books
_c1985
270 _bNew Delhi
_e110048
300 _aiv,306p.
_c22cm(Hb)
500 _aIncludes bibliographical references and index
650 _aTechnology -- United States
_910782
650 _aUnited States -- Foreign relations -- 1977-1981
_910783
700 _aKeatley, Anne G.
_910784
710 _aNational Academy of Sciences, U.S.
_975345
710 _aNational Academy of Engineering
_975355
710 _aCouncil on Foreign Relations
_975356
942 _2ddc
_cEN
_h338.91
_mTEC
999 _c124440
_d124440